南美洲国家与首都(双语) - Statistics

General Stats
  • This quiz has been taken 17 times
  • The average score is 34 of 52
Answer Stats
Hint Answer % Correct
国家 巴西
92%
国家 阿根廷
92%
首都 巴西利亚
92%
国家 哥伦比亚
83%
国家 厄瓜多尔
83%
国家 委内瑞拉
83%
国家 苏里南
83%
国家 玻利维亚
83%
国家 玻利维亚
83%
国家 秘鲁
83%
国家 智利
83%
国家 巴拉圭
83%
国家 乌拉圭
83%
首都 圣地亚哥
83%
Country Argentina
83%
Country Brazil
83%
Country Chile
83%
Capital Lima
83%
Country Peru
83%
国家 圭亚那
75%
首都 波哥大
75%
首都 基多
75%
首都 利马
75%
首都 布宜诺斯艾利斯
75%
Country Bolivia
75%
Country Bolivia
75%
首都 蒙得维的亚
67%
Country Columbia
67%
Country Ecuador
67%
Country Paraguay
67%
Capital Santiago
67%
Country Suriname
67%
Country Venezuela
67%
首都 亚松森
58%
Country Guyana
58%
Country Uruguay
58%
首都 加拉加斯
50%
Capital Bogota
50%
Capital Buenos Aires
50%
Capital Montevideo
50%
Capital Quito
50%
首都 拉巴斯
42%
首都 苏克雷
42%
Capital Brasilia
42%
Capital Caracas
42%
Capital La Paz
42%
首都 乔治敦
33%
首都 帕拉马里博
33%
Capital Asuncion
33%
Capital Georgetown
33%
Capital Sucre
33%
Capital Paramaribo
25%
No matching quizzes found
Score Distribution
Percent of People with Each Score
Percentile by Number Answered
Your Score History
You have not taken this quiz